Cómo llegar a ser gerente : reglas para ascender a la cima de cualquier organización / (Registro nro. 3633)

Detalles MARC
000 -LEADER
fixed length control field 00960nam a2200241Ia 4500
008 - FIXED-LENGTH DATA ELEMENTS--GENERAL INFORMATION
fixed length control field 191128s9999 xx 000 0 und d
020 ## - INTERNATIONAL STANDARD BOOK NUMBER
International Standard Book Number 9580469385
082 ## - DEWEY DECIMAL CLASSIFICATION NUMBER
Classification number 658 .4092
082 ## - DEWEY DECIMAL CLASSIFICATION NUMBER
Item number F791
100 ## - MAIN ENTRY--PERSONAL NAME
Personal name Fox, Jeffrey J., autor
245 #0 - TITLE STATEMENT
Title Cómo llegar a ser gerente : reglas para ascender a la cima de cualquier organización /
245 #0 - TITLE STATEMENT
Statement of responsibility, etc. Jeffrey J. Fox ; traducción Adriana de Hassan
260 ## - PUBLICATION, DISTRIBUTION, ETC.
Place of publication, distribution, etc. Bogotá
260 ## - PUBLICATION, DISTRIBUTION, ETC.
Name of publisher, distributor, etc. BBVA ; Horizonte Pensi ones y Cesantias,
260 ## - PUBLICATION, DISTRIBUTION, ETC.
Date of publication, distribution, etc. 2002
300 ## - PHYSICAL DESCRIPTION
Extent 93 páginas
300 ## - PHYSICAL DESCRIPTION
Dimensions 21 cm
500 ## - GENERAL NOTE
General note Incluye tabla de contenido
505 ## - FORMATTED CONTENTS NOTE
Formatted contents note Introducción -- acepte ciempre el puesto mejor remunerado -- evite los cargos administrativos y busque los cargos de la línea jerárquica -- no espere que el departamento de personal planee su carrera
534 ## - ORIGINAL VERSION NOTE
Introductory phrase How to become CEO
546 ## - LANGUAGE NOTE
Language note spa
650 ## - SUBJECT ADDED ENTRY--TOPICAL TERM
Topical term or geographic name entry element Aptitud de mando ; Liderazgo ; Administración de personal ; Trabajo en equipo--
Existencias
Withdrawn status Lost status Materials specified (bound volume or other part) Damaged status Not for loan Collection code Home library Current library Date acquired Total Checkouts Total Renewals Full call number Barcode Date last seen Date last checked out Copy number Price effective from Koha item type
    Donación--12/07/2018--       Biblioteca Pública José María del Castillo y Rada Biblioteca Pública José María del Castillo y Rada 11/28/2019 9 10 658 .4092 F791 201807508 05/16/2024 12/29/2020 Ej.1 11/28/2019 Books